000 00334nam a2200121Ia 4500
008 221007s9999 xx 000 0 und d
041 _aeng
082 _a158.1
_bCAN
100 _aCanfield J
245 4 _aThe Success Principles : Seven Steps to accelerate... want to be
260 _bWestland Publications
_aChennai
906 _bGeneral
999 _c61512
_d61512